| 000 | 00540nam a2200193 a 4500 | ||
|---|---|---|---|
| 005 | 20220603063557.0 | ||
| 008 | 991125s1981 es 000 0 spa u | ||
| 020 | _a8431024011 | ||
| 035 | _aUPN01000039345 | ||
| 049 | _aI | ||
| 050 | 4 |
_aPZ78 _bM3.4 |
|
| 100 | 1 | _aMeer, Ron van der | |
| 245 | 1 | 0 |
_aMi hermanito Sammy / _cRon y Atie van der Meer. |
| 260 |
_aBarcelona [Esp.] : _bToray-Masson, _c1981. |
||
| 300 |
_a[22] p. : _bil. col. |
||
| 650 | 4 |
_aCuentos infantiles _96744 |
|
| 700 | 1 |
_aMeer, Atie van der, _ecoaut. |
|
| 905 | _aInfantil | ||
| 999 |
_c39345 _d39345 |
||